Score 0/20 Timer 05:00
2 Plays Today
Number Brand Name % Correct
3Nike
98.7%
11Converse
93.4%
2Crocs
92.3%
8Ugg
89%
16Adidas
87.6%
5Skechers
85.3%
13New Balance
79.3%
14Puma
77%
1Vans
71.6%
18Reebok
69.4%
Number Brand Name % Correct
9DC Shoes
65.4%
17K-Swiss
57.3%
4Dr Martens
47.8%
19Asics
46.8%
12Birkenstock
45.6%
20Etnies
31.3%
6Teva
30.2%
7Saucony
28.8%
15Reef
15.2%
10Dansko
8.3%
Remove Ads.
Support Sporcle.
Get the best of Sporcle when you Go Orange. This ad-free experience offers more features, more stats, and more fun while also helping to support Sporcle. Thank you for becoming a member.

You're not logged in!

Compare scores with friends on all Sporcle quizzes.
OR
Log In

Show Comments

Extras

Top Quizzes Today


Score Distribution

Your Account Isn't Verified!

In order to create a playlist on Sporcle, you need to verify the email address you used during registration. Go to your Sporcle Settings to finish the process.

Report this User

Report this user for behavior that violates our Community Guidelines.

Details: